000 00287nam a22001337a 4500
008 170130b xxu||||| |||| 00| 0 eng d
020 _a9780763732158
041 _aeng
080 _23RD
_a61
100 _a3
101 _aSHMI
245 _aPUBLIC HEALTH
_cTURNOCK, B.J
942 _2udc
_cBK
999 _c4018
_d4018